000 00296nam a2200121Ia 4500
008 231129s9999||||xx |||||||||||||| ||spa||
040 _bspa
082 _a759.93982 B648p
100 _aBlindheim Martin
245 0 _aPinturas goticas en iglesias noruegas
264 _aHermes
942 _2ddc
_cBKS
999 _c22783
_d22783